<?xml version="1.0" encoding="UTF-8"?>
<record
    xmlns:xsi="http://www.w3.org/2001/XMLSchema-instance"
    xsi:schemaLocation="http://www.loc.gov/MARC21/slim http://www.loc.gov/standards/marcxml/schema/MARC21slim.xsd"
    xmlns="http://www.loc.gov/MARC21/slim">

  <leader>00377nam a22001451a 4500</leader>
  <controlfield tag="003">OSt</controlfield>
  <controlfield tag="008">220501s2008    xx            000 0 eng d</controlfield>
  <datafield tag="020" ind1=" " ind2=" ">
    <subfield code="a">9788175053052</subfield>
  </datafield>
  <datafield tag="082" ind1=" " ind2=" ">
    <subfield code="b">VIV-M</subfield>
    <subfield code="a">370.11</subfield>
  </datafield>
  <datafield tag="100" ind1=" " ind2=" ">
    <subfield code="a">VIVEKANANDA, SWAMI</subfield>
  </datafield>
  <datafield tag="245" ind1=" " ind2=" ">
    <subfield code="a">My idea of education /</subfield>
    <subfield code="c">Swami Vivekananda.</subfield>
  </datafield>
  <datafield tag="260" ind1=" " ind2=" ">
    <subfield code="b">ADVAITA SHARMA,</subfield>
    <subfield code="c">2008.</subfield>
    <subfield code="a">Kolkata :</subfield>
  </datafield>
  <datafield tag="300" ind1=" " ind2=" ">
    <subfield code="a">128 p. ;</subfield>
  </datafield>
  <datafield tag="942" ind1=" " ind2=" ">
    <subfield code="2">ddc</subfield>
    <subfield code="c">BK</subfield>
  </datafield>
  <datafield tag="999" ind1=" " ind2=" ">
    <subfield code="c">20904</subfield>
    <subfield code="d">20904</subfield>
  </datafield>
  <datafield tag="952" ind1=" " ind2=" ">
    <subfield code="0">0</subfield>
    <subfield code="1">0</subfield>
    <subfield code="2">ddc</subfield>
    <subfield code="4">0</subfield>
    <subfield code="7">0</subfield>
    <subfield code="a">SOBD</subfield>
    <subfield code="b">SOBD</subfield>
    <subfield code="d">2024-12-11</subfield>
    <subfield code="e">Advaita Ashrama</subfield>
    <subfield code="f">INR</subfield>
    <subfield code="g">65.00</subfield>
    <subfield code="l">0</subfield>
    <subfield code="o">370.11 VIV-M 1</subfield>
    <subfield code="p">006645</subfield>
    <subfield code="r">2024-12-31</subfield>
    <subfield code="t">1</subfield>
    <subfield code="w">2024-12-11</subfield>
    <subfield code="y">BK</subfield>
    <subfield code="k">DC-422</subfield>
  </datafield>
</record>
